Itḥāf al-fāḍil bi-al-fiʻl al-mabnī li-ghayr al- fāʻil /
Main Author:
Other Authors: ,
Format: Book
Language: Arabic
Published:
Dimashq :
Maktabat al-Qudsī wa-al-Budayr,
1348 [1929].
Subjects:
Tags: Add Tag
Call Number: ( P )PJ6145 .I2 1929
| LEADER | 02131nam a2200265Ia 4500 | ||
|---|---|---|---|
| 003 | OSt | ||
| 005 | 20240626074924.0 | ||
| 008 | 130303s1929 sy 000 0 ara d | ||
| 952 | |0 0 |1 0 |2 lcc |4 0 |7 1 |9 28489 |a ARCE |b ARCE |d 2022-01-25 |l 0 |o ( P )PJ6145 .I2 1929 |p 1025741 |r 2022-01-25 00:00:00 |w 2022-01-25 |y BK | ||
| 999 | |c 26390 |d 26390 | ||
| 040 | |c ARCE Library | ||
| 050 | 4 | |a ( P )PJ6145 .I2 1929 | |
| 100 | 1 | |6 880-01 |a Ibn ʻAllān, Muḥammad ʻAlī ibn Muḥammad, |d 1588-1648, |e author | |
| 245 | 1 | 0 | |6 880-02 |a Itḥāf al-fāḍil bi-al-fiʻl al-mabnī li-ghayr al- fāʻil / |c li-Muḥammad ʻAlī ibn ʻAllān al-Ṣiddīqī, al- mutawaffá ʻām 1057. Wa-fī ākhirihi Risālah fī al-kalām ʻalá alfāẓ ʻasharah yakthuru dawarānuhā : faḍlan, ayḍan, ... / li-ʻAbd al-Raḥmān ibn Aḥmad al-Ṣanādīqī al-Dimashqī,al-mutawaffá ʻām 1164, ʻan nuskhatay al-Sayyid ʻAbd al- Bāqī al-Ḥasanī al-Jazāʼirī, raḥimahu Allāh. |
| 264 | 1 | |a Dimashq : |b Maktabat al-Qudsī wa-al-Budayr, |c 1348 [1929]. | |
| 300 | |a 43, 7 pages ; |c 23 cm. | ||
| 500 | |a Ḥuqūq al-ṭabʻ maḥfūẓah. | ||
| 500 | |a Includes errata pages (43-end of the first group) | ||
| 650 | 0 | |a Arabic language |x Verb. | |
| 700 | 1 | |a Jazāʼirī, ʻAbd al-Bāqī al-Ḥasanī. | |
| 700 | 1 | |a Ṣanādīqī, ʻAbd al-Raḥmān ibn Aḥmad, |d -1750 or 1751. |t Risālah fī al-kalām ʻalá alfāẓ ʻasharah yakthuru dawarānuhā. |9 39153 | |
| 880 | 1 | |6 100-01/(3/r |a ابن علان، محمد علي بن محمد، |d 1588-1648. | |
| 880 | 1 | 0 | |6 245-02/(3/r |a إتحاف الفاضل بالفعل المبني لغير الفاعل |c لمحمد علي بن علان الصديقي, المتوفى عام 1057. و في آخره رسالة في الكلام على ألفاظ عشرة يكثر دورانها : فضلا, ايضا, ... / لعبد الرحمن بن أحمد الصناديقي الدمشقي, المتوفى عام 1164, عن نسختي السيد عبد الباقي الحسني الجزائري, رحمه الله. |
| 901 | |a reviewed | ||
| 942 | |c PT |2 lcc | ||
